000 00479nab a2200157Ia 4500
003 ES-SlBCS
005 20210601124942.0
008 140529s1977 xxu||||| |||| 00| 0 eng d
041 _aeng
100 1 _aMeyer, Robert K.
_9151851
245 0 0 _aExtensional Reduction-I
_c Robert K. Meyer, Richard Routley
650 0 4 _aReducción Extensional
_9151852
700 1 _aRoutley, Richard
_9151853
773 0 _tMonist, the
_gvol. 60, nº. 3, 1977, págs. 355-369
_wRev1667
942 _cAR
999 _c522259
_d522259